Niekoľko poznámok k obsahu štatistiky

Ciele a úloha štatistiky. Štatistické skúmanie. Štatistika ako proces rozhodovania. Vzťah matematiky a štatistiky.

Na minha lista:
Detalhes bibliográficos
Autor principal: Chajdiak, Jozef
Formato: Capítulo de Livro
Idioma:eslovaco
Assuntos:
Tags: Adicionar Tag
Sem tags, seja o primeiro a adicionar uma tag!

MARC

LEADER 00000naa$a2200000$$$4500
001 0058875
005 20220715092439.7
041 0 |a slo 
044 |a SK 
245 1 0 |a Niekoľko poznámok k obsahu štatistiky  |c Jozef Chajdiak 
520 |a Ciele a úloha štatistiky. Štatistické skúmanie. Štatistika ako proces rozhodovania. Vzťah matematiky a štatistiky. 
610 2 0 |a matematika 
610 2 0 |a skúmanie štatistické 
610 2 0 |a pojmy 
610 2 0 |a štatistika 
610 2 0 |a štatistika ekonomická 
100 1 |a Chajdiak, Jozef